[Event "IECG QF.2002.0.00011"]
[Site "IECG email"]
[Date "2002.01.26"]
[Round "?"]
[White "Ash, Ian"]
[Black "Hort, Wolfgang"]
[Result "1-0"]
[WhiteElo "1029"]
[BlackElo "1173"]
[PlyCount "51"]
[EventDate "2002.01.26"]
[EventType "tourn (corr)"]
[EventRounds "6"]
[SourceTitle "Corr 2008"]
[Source "ChessBase"]
[SourceDate "2008.06.24"]
[SourceVersion "1"]
[SourceVersionDate "2008.06.24"]
[SourceQuality "1"]

1. e4 c6 2. d4 d5 3. e5 Bf5 4. Nc3 e6 5. g4 Bg6 6. Nge2 c5 7. h4 h6 8. Be3 cxd4 9. Nxd4 Bb4 10. h5 Bh7 11. Bd3 Ne7 12. Bxh7 Bxc3+ 13. bxc3 Rxh7 14. Rb1 Nd7 15. Rxb7 Nxe5 16. 0-0 Nc4 17. Qd3 Rh8 18. Nb5 Rb8 19. Rxb8 Qxb8 20. Rb1 Qd8 21. Nxa7 g6 22. Bd4 Rg8 23. Rb7 Qa8 24. Rc7 Qd8 25. Nb5 Qb8 26. Bf6 1-0

[Event "IECG CN.2001.0.00245"]
[Site "IECG email"]
[Date "2001.04.29"]
[Round "?"]
[White "Ash, Ian"]
[Black "Caffaratti, Paolo"]
[Result "1-0"]
[WhiteElo "947"]
[BlackElo "989"]
[PlyCount "51"]
[EventDate "2001.04.29"]
[EventType "tourn (corr)"]
[EventRounds "6"]
[SourceTitle "Corr 2008"]
[Source "ChessBase"]
[SourceDate "2008.06.24"]
[SourceVersion "1"]
[SourceVersionDate "2008.06.24"]
[SourceQuality "1"]

1. e4 e5 2. Nf3 Nc6 3. Bc4 Nf6 4. Ng5 d5 5. exd5 Nd4 6. c3 b5 7. Bf1 Nxd5 8. cxd4 Qxg5 9. Bxb5+ Kd8 10. 0-0 Rb8 11. Bc6 Nb4 12. Be4 f5 13. Bf3 Nd3 14. dxe5 Rb6 15. Nc3 Nxe5 16. d4 Nxf3+ 17. Qxf3 Qg6 18. Re1 Bb7 19. d5 Bb4 20. Bf4 Bd6 21. Bxd6 Rxd6 22. Re5 Rf8 23. Nb5 Ra6 24. Rc1 f4 25. Nxc7 Bxd5 26. Qxd5+ 1-0

[Event "IECG CN.2001.0.00245"]
[Site "IECG email"]
[Date "2001.04.29"]
[Round "?"]
[White "Veilands, Maris"]
[Black "Ash, Ian"]
[Result "0-1"]
[WhiteElo "800"]
[BlackElo "947"]
[PlyCount "38"]
[EventDate "2001.04.29"]
[EventType "tourn (corr)"]
[EventRounds "6"]
[SourceTitle "Corr 2008"]
[Source "ChessBase"]
[SourceDate "2008.06.24"]
[SourceVersion "1"]
[SourceVersionDate "2008.06.24"]
[SourceQuality "1"]

1. e4 c6 2. d4 d5 3. Nc3 dxe4 4. Nxe4 Bf5 5. Nc5 Nd7 6. Nxb7 Qb6 7. Nc5 Nxc5 8. dxc5 Qxc5 9. c3 Nf6 10. Bd2 Rd8 11. Nf3 Ne4 12. Nd4 e5 13. b4 Qb6 14. Qf3 Rxd4 15. cxd4 Qxd4 16. Rd1 Bg4 17. Qe3 Bxd1 18. Bd3 Nxd2 19. Qxd2 Bxb4 0-1

[Event "IECG C3.2000.0.00151"]
[Site "IECG email"]
[Date "2000.08.08"]
[Round "?"]
[White "Ash, Ian"]
[Black "Bergeron, Michel"]
[Result "1-0"]
[WhiteElo "858"]
[BlackElo "1361"]
[PlyCount "35"]
[EventDate "2000.08.08"]
[EventType "tourn (corr)"]
[EventRounds "6"]
[SourceTitle "Corr 2008"]
[Source "ChessBase"]
[SourceDate "2008.06.24"]
[SourceVersion "1"]
[SourceVersionDate "2008.06.24"]
[SourceQuality "1"]

1. e4 c5 2. Nf3 e6 3. d4 cxd4 4. Nxd4 Nf6 5. Nc3 Nc6 6. Nxc6 bxc6 7. e5 Nd5 8. Ne4 f5 9. exf6 Nxf6 10. Nd6+ Bxd6 11. Qxd6 Ba6 12. Bxa6 Qa5+ 13. Bd2 Qxa6 14. Bb4 0-0-0 15. a3 Nd5 16. Bc5 e5 17. 0-0-0 Rde8 18. Rxd5 1-0

[Event "IECG C3.2000.0.00151"]
[Site "IECG email"]
[Date "2000.08.08"]
[Round "?"]
[White "Manini, Nicola"]
[Black "Ash, Ian"]
[Result "1-0"]
[WhiteElo "1040"]
[BlackElo "858"]
[PlyCount "102"]
[EventDate "2000.08.08"]
[EventType "tourn (corr)"]
[EventRounds "6"]
[SourceTitle "Corr 2008"]
[Source "ChessBase"]
[SourceDate "2008.06.24"]
[SourceVersion "1"]
[SourceVersionDate "2008.06.24"]
[SourceQuality "1"]

1. d4 Nf6 2. c4 e6 3. Nc3 Bb4 4. e3 0-0 5. Bd3 d5 6. cxd5 Qxd5 7. Nf3 Ne4 8. Qc2 Nf6 9. 0-0 Qh5 10. Nb5 Bd7 11. Nxc7 Rc8 12. Qb3 Rxc7 13. Qxb4 Nc6 14. Qd6 Rac8 15. Bd2 Qd5 16. Qf4 Qh5 17. Rac1 Nd5 18. Qg3 f5 19. Rfe1 Nf6 20. Qd6 Ne8 21. Qa3 Nf6 22. Qc5 b6 23. Qd6 Ne8 24. Qa3 Qf7 25. e4 fxe4 26. Bxe4 Qf6 27. Bg5 Qf7 28. Qe3 h6 29. Bf4 e5 30. Nxe5 Nxe5 31. Rxc7 Nxc7 32. Bxe5 Bf5 33. f3 Nd5 34. Qa3 Be6 35. Qd6 Ne7 36. b3 Nf5 37. Qa3 Qd7 38. d5 Bxd5 39. Bxf5 Qxf5 40. Qxa7 Qf7 41. Qxb6 Rc2 42. Re3 Rxa2 43. Rd3 Kh7 44. Qe3 Rc2 45. b4 Qg6 46. Bg3 Rc1+ 47. Kf2 Rc2+ 48. Rd2 Rxd2+ 49. Qxd2 Qb6+ 50. Qe3 Qxe3+ 51. Kxe3 Bc4 1-0

[Event "IECG Q3.2000.0.00079"]
[Site "IECG email"]
[Date "2000.07.10"]
[Round "?"]
[White "Ash, Ian"]
[Black "Mottershead, Richard"]
[Result "1-0"]
[WhiteElo "834"]
[BlackElo "1147"]
[PlyCount "81"]
[EventDate "2000.07.10"]
[EventType "tourn (corr)"]
[EventRounds "6"]
[SourceTitle "Corr 2008"]
[Source "ChessBase"]
[SourceDate "2008.06.24"]
[SourceVersion "1"]
[SourceVersionDate "2008.06.24"]
[SourceQuality "1"]

1. e4 e5 2. Nf3 Nf6 3. Nxe5 d6 4. Nf3 Nxe4 5. d4 d5 6. Bd3 Bg4 7. 0-0 f5 8. c3 Bd6 9. Qa4+ c6 10. Ne5 Bxe5 11. dxe5 Nd7 12. Qd4 Bh5 13. f3 Nec5 14. Bxf5 Rf8 15. Bh3 Bf7 16. f4 Qb6 17. f5 Bg8 18. b3 Nd3 19. e6 Qxd4+ 20. cxd4 Nf6 21. Bd2 g6 22. Bh6 Nb4 23. Na3 Ke7 24. Bxf8+ Rxf8 25. g4 g5 26. Rf2 Nd3 27. Rd2 Nb4 28. Nc2 Na6 29. Ne1 h5 30. Rg2 h4 31. Nf3 Ne4 32. Re1 Nb4 33. Rxe4 dxe4 34. Nxg5 e3 35. Re2 Nd5 36. Bg2 Rf6 37. Bxd5 cxd5 38. Rxe3 Rf8 39. Nf3 Rc8 40. g5 h3 41. f6+ 1-0

[Event "IECG Q3.2000.0.00079"]
[Site "IECG email"]
[Date "2000.07.10"]
[Round "?"]
[White "Smyth, Peter"]
[Black "Ash, Ian"]
[Result "1-0"]
[WhiteElo "1251"]
[BlackElo "834"]
[PlyCount "67"]
[EventDate "2000.07.10"]
[EventType "tourn (corr)"]
[EventRounds "6"]
[SourceTitle "Corr 2008"]
[Source "ChessBase"]
[SourceDate "2008.06.24"]
[SourceVersion "1"]
[SourceVersionDate "2008.06.24"]
[SourceQuality "1"]

1. b3 d5 2. Bb2 Bg4 3. h3 Bh5 4. g4 Bg6 5. Bg2 e6 6. Nf3 Nd7 7. c4 c6 8. Nc3 Qc7 9. cxd5 exd5 10. Rc1 Qd6 11. d3 h5 12. g5 0-0-0 13. 0-0 Kb8 14. e4 dxe4 15. Nxe4 Qc7 16. Re1 f6 17. Nd4 Re8 18. Qd2 Ne5 19. f4 Bb4 20. Qxb4 Nxd3 21. Nxc6+ Qxc6 22. Rxc6 Nxb4 23. Rd6 Bf5 24. a3 Nc6 25. Rdd1 Kc7 26. b4 Bxe4 27. Bxe4 a6 28. h4 Re7 29. Kf2 Kb6 30. Bf3 Rc7 31. Re8 fxg5 32. fxg5 Re7 33. Bxc6 Kxc6 34. Rdd8 1-0

[Event "IECG QN.2000.0.00109"]
[Site "IECG email"]
[Date "2000.04.10"]
[Round "?"]
[White "Ash, Ian"]
[Black "Rodrigues, Eduardo Hercos"]
[Result "1-0"]
[WhiteElo "781"]
[BlackElo "728"]
[PlyCount "35"]
[EventDate "2000.04.10"]
[EventType "tourn (corr)"]
[EventRounds "6"]
[SourceTitle "Corr 2008"]
[Source "ChessBase"]
[SourceDate "2008.06.24"]
[SourceVersion "1"]
[SourceVersionDate "2008.06.24"]
[SourceQuality "1"]

1. e4 c5 2. Nf3 d6 3. d4 cxd4 4. Nxd4 Nf6 5. Nc3 a6 6. Be3 e6 7. f3 Be7 8. Bd3 0-0 9. Qd2 Nc6 10. g4 Nb4 11. Be2 e5 12. Nf5 g6 13. Nxe7+ Qxe7 14. 0-0-0 Be6 15. Qxd6 Qxd6 16. Rxd6 Nc6 17. h4 b5 18. Rxc6 1-0

[Event "IECG QN.2000.0.00094"]
[Site "IECG email"]
[Date "2000.01.15"]
[Round "?"]
[White "Henderson, James"]
[Black "Ash, Ian"]
[Result "0-1"]
[WhiteElo "800"]
[BlackElo "800"]
[PlyCount "56"]
[EventDate "2000.01.15"]
[EventType "tourn (corr)"]
[EventRounds "6"]
[SourceTitle "Corr 2008"]
[Source "ChessBase"]
[SourceDate "2008.06.24"]
[SourceVersion "1"]
[SourceVersionDate "2008.06.24"]
[SourceQuality "1"]

1. d4 Nf6 2. Nf3 d5 3. e3 c5 4. dxc5 e6 5. b4 Nc6 6. c3 a6 7. Bd3 Qc7 8. 0-0 e5 9. Bc2 Bg4 10. h3 Bh5 11. g4 Bg6 12. a3 Bxc2 13. Qxc2 e4 14. Nd4 g5 15. Nxc6 bxc6 16. Bb2 0-0-0 17. c4 Bg7 18. Nd2 h5 19. f4 hxg4 20. Be5 Qd7 21. fxg5 gxh3 22. Qa4 Qg4+ 23. Kf2 Qg2+ 24. Ke1 h2 25. Qxa6+ Kd7 26. Qb7+ Ke6 27. cxd5+ Rxd5 28. gxf6 Qxd2# 0-1

[Event "IECG QN.2000.0.00094"]
[Site "IECG email"]
[Date "2000.01.15"]
[Round "?"]
[White "Lunny, Eltin"]
[Black "Ash, Ian"]
[Result "0-1"]
[WhiteElo "800"]
[BlackElo "800"]
[PlyCount "46"]
[EventDate "2000.01.15"]
[EventType "tourn (corr)"]
[EventRounds "6"]
[SourceTitle "Corr 2008"]
[Source "ChessBase"]
[SourceDate "2008.06.24"]
[SourceVersion "1"]
[SourceVersionDate "2008.06.24"]
[SourceQuality "1"]

1. c4 c5 2. Nf3 e6 3. d3 b6 4. Be3 Bb7 5. Nc3 Nf6 6. g3 a6 7. Bg2 Qc7 8. h4 d5 9. Ng5 d4 10. Qa4+ Nbd7 11. Bxb7 Qxb7 12. Bf4 Qxh1+ 13. Kd2 dxc3+ 14. Kxc3 Qxa1 15. Qc6 Rd8 16. Bc7 Qc1+ 17. Kb3 Qd1+ 18. Kc3 b5 19. cxb5 Nd5+ 20. Qxd5 exd5 21. b6 Nxb6 22. Bxb6 Qc1+ 23. Kb3 Rb8 0-1